| 000 | 01202nam a22003617a 4500 | ||
|---|---|---|---|
| 003 | CHAP | ||
| 005 | 20220329134056.0 | ||
| 008 | 971013s1986 r 00010 d | ||
| 010 | _a15047 | ||
| 011 | _a16019 | ||
| 035 | _a20097 | ||
| 040 | _cCHAP | ||
| 090 | _aTesis | ||
| 100 | 0 | 0 |
_aHerrera Estrada, Salvador. _954866 |
| 245 | _aEvaluación preliminar de híbridos de cacao de polinización libre en la costa de Chiapas | ||
| 260 |
_aGuadalajara, Jal. : _bEl Autor, _c1986 |
||
| 300 |
_a64 h. _b: ilus. |
||
| 502 | _aTesis (Ing. Agrónomo Esp. en Fitotecnia) -- Univ. de Guadalajara | ||
| 590 |
_aALEPH _b10 _c20130110 _lUCH01 _h1237 |
||
| 590 |
_aBATCH-UPD _b10 _c20130110 _lUCH01 _h0314 |
||
| 590 |
_aBATCH-UPD _b10 _c20130110 _lUCH01 _h1519 |
||
| 590 |
_aBATCH-UPD _b10 _c20130409 _lUCH01 _h2347 |
||
| 590 |
_aBATCH-UPD _b10 _c20130410 _lUCH01 _h1549 |
||
| 590 |
_aBATCH-UPD _b10 _c20130914 _lUCH01 _h0804 |
||
| 590 |
_aCONVERSION _b10 _c20130109 _lUCH01 _h1310 |
||
| 650 | 1 | 4 |
_aCacao _xHíbridos. _916947 |
| 650 | 1 | 4 |
_aCacao _xRendimiento. _916970 |
| 650 | 1 | 4 |
_aClones. _923894 |
| 650 | 1 | 4 |
_aPolinización. _990237 |
| 901 | _aBK | ||
| 942 | _cTESIS | ||
| 949 |
_bBC _cTES _d-46887 _eTS1 _h18960 _i20097 _si |
||
| 999 |
_c15047 _d15047 |
||